| 000 | 00834nam a22001937a 4500 | ||
|---|---|---|---|
| 003 | AUA.1 | ||
| 005 | 20251118162220.0 | ||
| 008 | 250709b |||||||| |||| 00| 0 eng d | ||
| 040 | _cJTL | ||
| 100 | _aGrah, Edanh Ezechias | ||
| 245 |
_aExploring the purpose, practices and challenges of prayer groups in the Seventh-day Adventist Church : _ba case study of the Jerusalem, Niangon, and Koumassi churches / _cEdanh Ezechias Grah. |
||
| 260 | _cc2025. | ||
| 300 |
_aviii,159 leaves : _bIllustrations : _c30cm. |
||
| 610 |
_aJerusalem Seventh-day Adventist Church _zCôte d'Ivoire |
||
| 610 |
_aNiangon Seventh-day Adventist Church _zCôte d'Ivoire |
||
| 610 |
_aKoumassi Seventh-day Adventist Church _zCôte d'Ivoire |
||
| 650 |
_aPrayer groups _xSeventh-day Adventists _910369 |
||
| 942 |
_2aua _cTHESIS _hMA PTh _i.G73 2025 |
||
| 999 |
_c25169 _d25169 |
||